Responses for Show #2234 - Thursday, April 28, 1994

Contestants

[<< previous game]

Kevin Smith, an archaeologist and museum curator from Williamsville, New York

Liz Fersch, an electronics technician from Congers, New York

Edwin Gulley, a consultant originally from Atlanta, Georgia (whose 1-day cash winnings total $12,400)

[next game >>]

Jeopardy! Round responses

U.S. STATES
MOVIE MONSTERS
PERIODS & AGES
NATURE
ROOMS
FOREIGN WORDS & PHRASES
    $100 18
Colorado

Kevin
    $100 1
King Kong

Edwin
    $100 6
the baby boom

Liz
    $100 11
ivory

Liz
    $100 26
a locker room

Liz
    $100 16
yes & no

Edwin
    $200 17
Louisiana

Liz
    $200 2
Godzilla

Edwin
    $200 7
the Ice Age

Kevin
    $200 12
algae

Kevin
    $200 27
homeroom

Kevin
    $200 19
Peach Melba

Kevin
    $300 23
New Mexico

Liz
    $300 3
Ghostbusters

Kevin
    $300 8
Reconstruction

Kevin
    $300 13
the dandelion

Kevin
    $300 28
a fitting room

Kevin
    $300 20
toothpaste

Kevin
    $400 24
New Hampshire

Liz
    $400 4
The Fly

Liz
    $400 9
the Jazz Age

Liz
    $400 14
(Liz: What is a reptile?)
(Alex: Be more specific.)

a lizard

Liz
    $400 29
the waiting room

Liz
    $400 21
a horse

Liz
    $500 25
Connecticut

Kevin
    $500 5
(Edwin: Who was The Werewolf?)
(Alex: Be more specific on that.)
(Edwin: The werewolf of London?)

The Wolf Man

EdwinKevin
    $500 10
(Edwin: What is the Neolithic Age?)

the Age of Copper (or Bronze Age)

EdwinLiz
    $500 15
hemlock

Kevin
    $500 30
the Blue Room

Liz
    $700 22
Lightning

Liz

Scores at the first commercial break (after clue 16):

Edwin Liz Kevin
-$600 $1,900 $2,300

Scores at the end of the Jeopardy! Round:

Edwin Liz Kevin
-$600 $4,900 $3,900

Double Jeopardy! Round responses

VICE PRESIDENTS
SICILY
FOOD & DRINK
ART
OLD MONEY
PEN NAMES
    $200 1
Aaron Burr

Liz
    $200 21
Mount Etna

Kevin
    $200 16
tuna

Kevin
    $200 11
St. George

Kevin
    $200 6
rubles

Liz
    $200 30
O. Henry

Edwin
    $400 2
(Kevin: What is Connecticut?)
(Liz: What is Maine?)

Massachusetts

LizKevin
Triple Stumper
    $400 22
the Normans

Liz
    $400 17
marble cake

Edwin
    $400 12
Columbian

Kevin
    $400 7
Florence

Kevin
    $400 29
Isak Dinesen

Edwin
    $600 3
Rockefeller

Edwin
    $600 23
(Liz: What are the Redshirts?)
...
(Alex: Yes, we were going for the man who led them.)

Garibaldi

EdwinLiz
    $600 19
sherry

Liz
    $600 13
Kinetic

Triple Stumper
    $600 8
Israel

Edwin
    $2,000 26
Voltaire

Edwin
    $800 4
Theodore Roosevelt

Edwin
    $800 24
Palermo

Liz
    $800 20
Denmark

Kevin
    $800 14
the Tuileries

Kevin
    $800 9
(Kevin: What is gold?)
(Liz: What is a piece of [*]?)

eight

LizKevin
    $800 27
George Sand

Liz
    $1000 5
(Edwin: Who was Wallace?)

John Nance Garner

Edwin
Triple Stumper
    $1000 25
the Strait of Messina

Edwin
    $1000 18
manioc

Kevin
    $2,000 15
Marc Chagall

Kevin
    $1000 10
a farthing

Kevin
    $1000 28
Ellery Queen

Liz

Scores at the end of the Double Jeopardy! Round:

Edwin Liz Kevin
$5,000 $8,700 $9,700

[wagering suggestions for these scores]

Final Jeopardy! Round responses

OPERA
(Alex: She stabbed one of the girls in the cigarette factory.)
EdwinWhat is Turandot
$4,998
LizWhat is Carmen
$8,695
KevinWhat is Rigoletto
$8,000
Carmen

Final scores:

Edwin Liz Kevin
$2 $17,395 $1,700
3rd place: Go Video dual-deck VCR New champion: $17,395 2nd place: Twinhead notebook computer + Samsonsite computer cases

Game dynamics:

Coryat scores:

Edwin Liz Kevin
$3,600 $8,500 $8,700
12 R
(including 1 DD),
3 W
22 R
(including 1 DD),
2 W
23 R
(including 1 DD),
2 W

Combined Coryat: $20,800

[game clues] [game scores] [suggest correction]

Game tape date: 1994-01-18
The J! Archive is created by fans, for fans. Scraping, republication, monetization, and malicious use prohibited; this site may use cookies and collect identifying information. See terms. The Jeopardy! game show and all elements thereof, including but not limited to copyright and trademark thereto, are the property of Jeopardy Productions, Inc. and are protected under law. This website is not affiliated with, sponsored by, or operated by Jeopardy Productions, Inc. Join the discussion at JBoard.tv.